| 000 | 00662nam a2200181 a 4500 | ||
|---|---|---|---|
| 001 | 000039638 | ||
| 005 | 20240409073644.0 | ||
| 008 | 130712s1977 xxua 000 0 spa d | ||
| 020 | _a0915534436 | ||
| 040 |
_aDO-SdBNP _bspa _cBNPHU |
||
| 082 |
_a923.17293 _bT866p |
||
| 100 | 1 |
_aPeña Rivera, Víctor Alicinio, _d1935- _954735 |
|
| 245 | 1 | 0 |
_aTrujillo : _bhistoria oculta de un dictador / _cVíctor Alicinio Peña Rivera. |
| 260 |
_aNew York : _bPlus Ultra, _c1977. |
||
| 300 |
_a413 p. : _bil. ; _c21 cm. |
||
| 600 | 1 | 0 |
_aTrujillo Molina, Rafael Leónidas, _d 1891-1961 _976764 |
| 651 | 4 |
_aRepública Dominicana _xPolítica Y Gobierno _yERA DE TRUJILLO, 1930-1961 _91374 |
|
| 999 |
_c39128 _d39128 |
||